Missing Word: Johnny Cash A-Z Quiz Stats

Quiz Updated Mar 16, 2018

Challenge
Share
Tweet
Embed
Score 0/24 Timer 04:00
0 Plays Today
Song Missing Word % Correct
Ring of ____Fire
96.1%
I ____ the LineWalk
94.2%
Don't Take ____ Guns to TownYour
89.4%
A Boy Named _____Sue
88.9%
Flesh and ____Blood
88.7%
Folsom ____ BluesPrison
86.7%
The One on the ____ is on the LeftRight
85.5%
____ in BlackMan
85.2%
There ____ No Good Chain GangAin't
76.5%
____ Blossom SpecialOrange
64.3%
Ballad of the Teenage ____Queen
62.9%
____ Sang BassDaddy
58.5%
Song Missing Word % Correct
If I Were a ____Carpenter
44.7%
Girl from the ____ CountryNorth
44.3%
The Sons of Katie ____Elder
43.7%
____ of the BluesHome
38.9%
The Ballad of ____ HayesIra
28.5%
____ Your ManUnderstand
27.8%
In the ____ NowJailhouse
25.4%
____ Things Happen That WayGuess
22.6%
So Doggone ____Lonesome
21.8%
____ Flat Top BoxTennessee
20.5%
Doesn't Anybody ____ My NameKnow
8.3%
Singin' in ____ Talkin' BluesVietnam
4.9%

Today's Daily Dose

You're not logged in!

Compare scores with friends on all Sporcle quizzes.
Join for Free
OR
Log In

You Might Also Like...

Show Comments

Extras

Top Quizzes Today


Score Distribution

Your Account Isn't Verified!

In order to create a playlist on Sporcle, you need to verify the email address you used during registration. Go to your Sporcle Settings to finish the process.

Report this User

Report this user for behavior that violates our Community Guidelines.

Details: